Ženy v ekonomii - B.R. Bergmanová a D.N. McCloskeyová

Pohľad na dve americké feministky, ekonómky Barbaru Rose Bergmanovú a Deirdre Nansen McCloskeyovú, ich najvýznamnešie publikácie.

Enregistré dans:
Détails bibliographiques
Auteur principal: Sirůček, Pavel
Format: Chapitre de livre
Langue:tchèque
Sujets:
Tags: Ajouter un tag
Pas de tags, Soyez le premier à ajouter un tag!

MARC

LEADER 00000naa a2200000 4500
001 0157847
005 20231116110351.3
041 0 |a cze 
044 |a CZ 
245 1 0 |a Ženy v ekonomii - B.R. Bergmanová a D.N. McCloskeyová  |c Pavel Sirůček 
520 |a Pohľad na dve americké feministky, ekonómky Barbaru Rose Bergmanovú a Deirdre Nansen McCloskeyovú, ich najvýznamnešie publikácie. 
610 2 0 |a ženy 
610 2 0 |a osobnosť 
610 2 0 |a veda ekonomická 
610 2 0 |a Bergmannová, B. 
610 2 0 |a McCloskeyová, D 
100 1 |a Sirůček, Pavel